000 00324nam a2200133Ia 4500
008 220216s9999 xx 000 0 und d
100 _aMarwede G W
245 0 _aNew challenges for elastomers in Europe
260 _bRubber India
_c1995
300 _a13-20
650 _aElastomers
700 _aSumner A J M
942 _cJS
999 _c63761
_d63761